000
00305nam a22001331a 4500
082
_a
S 294.592 1
_b
SHU
245
_a
Shuklayajurvedamadhyanadhiniya samhita/
260
_a
Delhi:
_b
Nag,
_c
2000.
300
_a
1044p.
650
_a
Vedic Literature
650
_a
Hinduism
650
_a
Religion
942
_c
BK
999
_c
41975
_d
41975